[Event "POL-chT 1st League"]
[Site "Sypniewo"]
[Date "2022.09.07"]
[Round "5.10"]
[White "Chojnacki, Slawomir"]
[Black "Skurniak, Szymon"]
[Result "1/2-1/2"]
[WhiteElo "2198"]
[BlackElo "2015"]
[PlyCount "93"]
[EventDate "2022.09.03"]
[EventType "team-swiss"]
[EventRounds "9"]
[EventCountry "POL"]
[SourceTitle "CBM 210 Extra"]
[Source "ChessBase"]
[SourceDate "2022.11.30"]
[SourceVersion "1"]
[SourceVersionDate "2022.11.30"]
[SourceQuality "1"]
[WhiteTeam "Chroscice Victoria"]
[BlackTeam "Ostrow Wielkopolski"]
[WhiteTeamCountry "POL"]
[BlackTeamCountry "POL"]

1. d4 Nf6 2. Nf3 c5 3. e3 g6 4. b3 Bg7 5. Bb2 0-0 6. Be2 cxd4 7. Nxd4 d5 8. 0-0 Re8 9. c4 e5 10. Nf3 Nc6 11. cxd5 Nxd5 12. Bc4 Be6 13. Na3 a6 14. e4 Nf4 15. Bxe6 Rxe6 16. Qxd8+ Rxd8 17. Rfd1 Nd3 18. Bc3 b5 19. Nc2 Bh6 20. Nb4 Ndxb4 21. Rxd8+ Nxd8 22. Bxb4 Nc6 23. Bc5 f5 24. exf5 gxf5 25. Rd1 e4 26. Nd4 Re5 27. Nxc6 Rxc5 28. Nb4 a5 29. Nd5 Kf7 30. b4 Rc2 31. bxa5 Rxa2 32. Rb1 Bd2 33. g4 fxg4 34. Rxb5 Rxa5 35. Rxa5 Bxa5 36. Ne3 h5 37. Kg2 Kf6 38. h3 Bd2 39. Nc4 gxh3+ 40. Kxh3 Bf4 41. Nb6 Ke6 42. Na4 Bg5 43. Nc5+ Kd5 44. Nxe4 Kxe4 45. Kg2 Kf4 46. f3 Bd8 47. Kh1 1/2-1/2

[Event "POL-chT 1st League"]
[Site "Sypniewo"]
[Date "2022.09.03"]
[Round "1.11"]
[White "Tomaszewski, Kacper"]
[Black "Skurniak, Szymon"]
[Result "1/2-1/2"]
[WhiteElo "2327"]
[BlackElo "2015"]
[PlyCount "114"]
[EventDate "2022.09.03"]
[EventType "team-swiss"]
[EventRounds "9"]
[EventCountry "POL"]
[SourceTitle "CBM 210 Extra"]
[Source "ChessBase"]
[SourceDate "2022.11.30"]
[SourceVersion "1"]
[SourceVersionDate "2022.11.30"]
[SourceQuality "1"]
[WhiteTeam "Rybnik"]
[BlackTeam "Ostrow Wielkopolski"]
[WhiteTeamCountry "POL"]
[BlackTeamCountry "POL"]

1. c4 e5 2. e3 c6 3. Nf3 d6 4. Nc3 f5 5. d4 e4 6. Nd2 Nf6 7. b4 d5 8. Qb3 a6 9. a4 Be7 10. Be2 Be6 11. Ba3 Nbd7 12. 0-0 0-0 13. b5 axb5 14. axb5 Bxa3 15. Rxa3 Qe7 16. Rxa8 Rxa8 17. bxc6 bxc6 18. Qb7 Qa3 19. Ndb1 Qa5 20. Qxc6 Ra6 21. Qb5 dxc4 22. Bxc4 Qxb5 23. Bxe6+ Rxe6 24. Nxb5 Nd5 25. N1c3 Rb6 26. Rb1 Nxc3 27. Nxc3 Rxb1+ 28. Nxb1 h5 29. Nc3 Nf6 30. f3 Kf7 31. h4 exf3 32. gxf3 Nh7 33. Kf2 g5 34. hxg5 Nxg5 35. Ne2 h4 36. Ng1 Ke6 37. Kg2 Kd5 38. Nh3 Ne6 39. Kf2 Kc4 40. f4 Nc7 41. Kf3 Nd5 42. e4 Nf6 43. exf5 Kxd4 44. Nf2 Kd5 45. Ng4 Nh5 46. Ne3+ Kd4 47. Ng4 Kd5 48. Nf2 Nf6 49. Ke3 Nh5 50. Ng4 Ng3 51. f6 Ke6 52. Kf3 Nh5 53. f5+ Kf7 54. Kg2 Nxf6 55. Nxf6 Kxf6 56. Kh3 Kxf5 57. Kxh4 Ke5 1/2-1/2

[Event "Polanica Zdroj op-A 58th"]
[Site "Polanica Zdroj"]
[Date "2022.08.20"]
[Round "8"]
[White "Skurniak, Szymon"]
[Black "Barwinska, Ewa"]
[Result "1/2-1/2"]
[WhiteElo "2051"]
[BlackElo "1940"]
[PlyCount "85"]
[EventDate "2022.08.13"]
[EventType "swiss"]
[EventRounds "9"]
[EventCountry "POL"]
[SourceTitle "CBM 210 Extra"]
[Source "ChessBase"]
[SourceDate "2022.11.30"]
[SourceVersion "1"]
[SourceVersionDate "2022.11.30"]
[SourceQuality "1"]

1. c4 c5 2. Nc3 Nf6 3. Nf3 Nc6 4. g3 d5 5. cxd5 Nxd5 6. Bg2 Nc7 7. d3 e5 8. Nd2 Be6 9. Nc4 Qd7 10. Qa4 f6 11. f4 Nb4 12. Qxd7+ Kxd7 13. 0-0 exf4 14. Bxf4 Ncd5 15. Bd2 Nxc3 16. bxc3 Bxc4 17. dxc4 Nc6 18. Rab1 Na5 19. Bf4 Re8 20. Rfd1+ Ke7 21. Bxb7 g5 22. Bd6+ Ke6 23. Bxf8 Nxb7 24. Bg7 Rhg8 25. Rxb7 Re7 26. Rxe7+ Kxe7 27. Bxf6+ Kxf6 28. Rd7 Re8 29. Kf2 h5 30. Rxa7 Re4 31. Ra4 h4 32. e3 Kf5 33. Kf3 hxg3 34. hxg3 Rg4 35. Kf2 Re4 36. Kf3 Rg4 37. Ra5 Rxc4 38. e4+ Ke5 39. Ra8 Rxc3+ 40. Kg4 Kxe4 41. a4 Ra3 42. a5 c4 43. a6 1/2-1/2

[Event "Bydgoszcz op-A"]
[Site "Bydgoszcz"]
[Date "2022.07.02"]
[Round "8"]
[White "Skurniak, Szymon"]
[Black "Fiedorek, Michal"]
[Result "0-1"]
[WhiteElo "2021"]
[BlackElo "2321"]
[PlyCount "82"]
[EventDate "2022.06.25"]
[EventType "swiss"]
[EventRounds "10"]
[EventCountry "POL"]
[SourceTitle "CBM 209 Extra"]
[Source "ChessBase"]
[SourceDate "2022.09.30"]
[SourceVersion "1"]
[SourceVersionDate "2022.09.30"]
[SourceQuality "1"]

1. c4 e5 2. Nc3 Nf6 3. g3 d5 4. cxd5 Nxd5 5. Bg2 Nb6 6. Nf3 Nc6 7. 0-0 Be7 8. Rb1 a5 9. d3 0-0 10. Be3 Be6 11. Nd2 Qd7 12. Na4 Nd4 13. Nxb6 cxb6 14. Nc4 Qc7 15. Bxd4 exd4 16. a4 Bc5 17. Rc1 Rfe8 18. Qd2 Qe7 19. Rc2 h5 20. Qf4 g6 21. Qe4 Rab8 22. Rfc1 Qd7 23. Qf4 Qxa4 24. Nd6 Bxd6 25. Qxd6 Qb4 26. Qxb4 axb4 27. Rc7 Kf8 28. Rxb7 Rxb7 29. Bxb7 Re7 30. Ba6 Ra7 31. Bc4 Rc7 32. Rc2 Rc5 33. e3 b3 34. Rc1 b5 35. exd4 Rc8 36. d5 Bxd5 37. Bxd5 Rxc1+ 38. Kg2 Rc2 39. Bxb3 Rxb2 40. Bd5 Rd2 41. Bc6 b4 0-1

[Event "Zagnansk op"]
[Site "Zagnansk"]
[Date "2022.05.05"]
[Round "8"]
[White "Kaczmarek, Arkadiusz"]
[Black "Skurniak, Szymon"]
[Result "1/2-1/2"]
[WhiteElo "2128"]
[BlackElo "1960"]
[PlyCount "70"]
[EventDate "2022.04.29"]
[EventType "swiss"]
[EventRounds "9"]
[EventCountry "POL"]
[SourceTitle "CBM 208 Extra"]
[Source "ChessBase"]
[SourceDate "2022.07.31"]
[SourceVersion "1"]
[SourceVersionDate "2022.07.31"]
[SourceQuality "1"]

1. d4 Nf6 2. c4 g6 3. Nc3 d5 4. cxd5 Nxd5 5. e4 Nxc3 6. bxc3 Bg7 7. Bc4 c5 8. Ne2 Nc6 9. Be3 0-0 10. h4 cxd4 11. cxd4 Qa5+ 12. Kf1 h5 13. Rc1 Qa3 14. Qd2 Rd8 15. Bd5 e6 16. Bxc6 bxc6 17. g4 Ba6 18. gxh5 Bxd4 19. Bxd4 Rxd4 20. Qxd4 Qxc1+ 21. Kg2 Qc4 22. Qxc4 Bxc4 23. Nd4 gxh5 24. Nxc6 f5 25. Rc1 Bxa2 26. Ra1 Bc4 27. Rxa7 Rxa7 28. Nxa7 fxe4 29. Kg3 Kf7 30. Kf4 Kf6 31. Kxe4 Bd5+ 32. Kf4 e5+ 33. Kg3 Be6 34. Nc6 Bd5 35. Nb4 Be6 1/2-1/2

[Event "Zagnansk op"]
[Site "Zagnansk"]
[Date "2022.05.04"]
[Round "6"]
[White "Kazmierowski, Tymon"]
[Black "Skurniak, Szymon"]
[Result "1/2-1/2"]
[WhiteElo "2020"]
[BlackElo "1960"]
[PlyCount "74"]
[EventDate "2022.04.29"]
[EventType "swiss"]
[EventRounds "9"]
[EventCountry "POL"]
[SourceTitle "CBM 208 Extra"]
[Source "ChessBase"]
[SourceDate "2022.07.31"]
[SourceVersion "1"]
[SourceVersionDate "2022.07.31"]
[SourceQuality "1"]

1. d4 Nf6 2. c4 g6 3. Nf3 Bg7 4. g3 0-0 5. Bg2 d5 6. cxd5 Nxd5 7. 0-0 Nb6 8. Nc3 Nc6 9. d5 Na5 10. Qc2 c6 11. dxc6 Nxc6 12. Rd1 Bf5 13. e4 Bd7 14. Bf4 Qc8 15. Rac1 Bg4 16. Nd5 Nxd5 17. exd5 Bxf3 18. Bxf3 Nd4 19. Qe4 Nxf3+ 20. Qxf3 Qf5 21. g4 Qf6 22. Qe3 e5 23. Bg5 Qd6 24. Qc5 Qd7 25. h3 f6 26. Bh4 Rfc8 27. Qe3 Rxc1 28. Qxc1 Rc8 29. Qe3 b6 30. Bg3 Bf8 31. Qf3 Bg7 32. d6 g5 33. h4 gxh4 34. Bxh4 Qe6 35. Qd5 Qxd5 36. Rxd5 Kf7 37. d7 Rd8 1/2-1/2

[Event "Zagnansk op"]
[Site "Zagnansk"]
[Date "2022.05.02"]
[Round "4"]
[White "Marciniak, Leonard"]
[Black "Skurniak, Szymon"]
[Result "1/2-1/2"]
[WhiteElo "1811"]
[BlackElo "1960"]
[PlyCount "80"]
[EventDate "2022.04.29"]
[EventType "swiss"]
[EventRounds "9"]
[EventCountry "POL"]
[SourceTitle "CBM 208 Extra"]
[Source "ChessBase"]
[SourceDate "2022.07.31"]
[SourceVersion "1"]
[SourceVersionDate "2022.07.31"]
[SourceQuality "1"]

1. e4 d6 2. d4 Nf6 3. Nc3 e5 4. Nge2 Be7 5. h3 Nbd7 6. g4 c6 7. a4 d5 8. exd5 Nxd5 9. Nxd5 cxd5 10. Bg2 h5 11. gxh5 e4 12. c4 dxc4 13. Bxe4 Nf6 14. Bg2 Rxh5 15. Nc3 Qb6 16. Qe2 Qxd4 17. Be3 Qd3 18. Qxd3 cxd3 19. Kd2 Bd7 20. Kxd3 Bc6 21. Bxc6+ bxc6 22. Ne2 0-0-0+ 23. Kc2 Kb7 24. Ng3 Ra5 25. b3 Nd5 26. Rad1 Nxe3+ 27. fxe3 Rc5+ 28. Kb1 Rg5 29. Ne4 Rgd5 30. Rxd5 cxd5 31. Ng3 Bc5 32. Rf1 f6 33. Rf3 Re8 34. Nh5 Re7 35. Rg3 Kc6 36. Nxg7 Rxe3 37. Rxe3 Bxe3 38. Nf5 d4 39. Kc2 Bf2 40. Kd3 Kd5 1/2-1/2

[Event "POL-ch U18"]
[Site "Sypniewo"]
[Date "2022.03.19"]
[Round "1"]
[White "Baum, Jonasz"]
[Black "Skurniak, Szymon"]
[Result "1-0"]
[WhiteElo "2317"]
[BlackElo "2032"]
[PlyCount "91"]
[EventDate "2022.03.19"]
[EventType "swiss"]
[EventRounds "9"]
[EventCountry "POL"]
[SourceTitle "CBM 207 Extra"]
[Source "ChessBase"]
[SourceDate "2022.05.31"]
[SourceVersion "1"]
[SourceVersionDate "2022.05.31"]
[SourceQuality "1"]

1. d4 Nf6 2. c4 g6 3. g3 Bg7 4. Bg2 d5 5. cxd5 Nxd5 6. e4 Nb6 7. Ne2 0-0 8. 0-0 Nc6 9. d5 Na5 10. Nbc3 c6 11. Bf4 cxd5 12. exd5 Bg4 13. h3 Bd7 14. b3 e6 15. Rc1 exd5 16. b4 Nc6 17. Nxd5 Nxd5 18. Qxd5 Be6 19. Qb5 Qb6 20. a4 Nxb4 21. Qxb6 axb6 22. Bd6 Na2 23. Rc7 Rfd8 24. Bxb7 Ra7 25. Bg2 Rxa4 26. Be7 Rb8 27. Nf4 Nc3 28. Nxe6 fxe6 29. Bd6 Rd8 30. Rxg7+ Kxg7 31. Be5+ Kf7 32. Bxc3 Rc4 33. Be5 Rd2 34. Bf4 Rb2 35. Ra1 Rcc2 36. Ra7+ Kf6 37. Be3 Rb1+ 38. Kh2 Rc4 39. g4 b5 40. Rxh7 b4 41. Kg3 Ke5 42. Rd7 Kf6 43. h4 g5 44. Bxg5+ Kg6 45. f4 Rg1 46. h5# 1-0

[Event "Krakow op-B 32nd"]
[Site "Krakow"]
[Date "2021.12.28"]
[Round "2"]
[White "Siekanska, Maria"]
[Black "Skurniak, Szymon"]
[Result "1/2-1/2"]
[WhiteElo "1941"]
[BlackElo "2050"]
[PlyCount "85"]
[EventDate "2021.12.27"]
[EventType "swiss"]
[EventRounds "9"]
[EventCountry "POL"]
[SourceTitle "EXT 2023"]
[Source "ChessBase"]
[SourceDate "2022.10.05"]
[SourceVersion "1"]
[SourceVersionDate "2022.10.05"]
[SourceQuality "1"]

1. d4 d6 2. c4 e5 3. d5 Be7 4. e4 Bg5 5. Nc3 Bxc1 6. Qxc1 Nf6 7. Bd3 a5 8. Bc2 0-0 9. Nge2 Na6 10. a3 Nd7 11. 0-0 Nb6 12. b3 Bd7 13. Ng3 a4 14. b4 Nxc4 15. Bxa4 c5 16. Bxd7 Qxd7 17. b5 Nc7 18. a4 g6 19. Nce2 Nb6 20. a5 Nc8 21. b6 Nb5 22. f4 Qe7 23. Qb1 Nd4 24. Nxd4 exd4 25. f5 f6 26. fxg6 hxg6 27. a6 Rb8 28. a7 Ra8 29. Ra3 Qe5 30. Qb5 Rf7 31. Rb3 Ne7 32. Rbf3 f5 33. exf5 gxf5 34. Qb1 c4 35. Nxf5 Nxf5 36. Rxf5 Rxf5 37. Rxf5 Qe3+ 38. Kf1 Re8 39. Qd1 Qe4 40. Rf3 c3 41. Rg3+ Kf8 42. Rf3+ Kg8 43. Rg3+ 1/2-1/2

[Event "EU-ch Blitz"]
[Site "Katowice"]
[Date "2021.12.17"]
[Round "4"]
[White "Sadzikowski, Daniel"]
[Black "Skurniak, Szymon"]
[Result "1-0"]
[WhiteElo "2525"]
[BlackElo "2050"]
[PlyCount "95"]
[EventDate "2021.12.17"]
[EventType "swiss (blitz)"]
[EventRounds "22"]
[EventCountry "POL"]
[SourceTitle "CBM 205 Extra"]
[Source "ChessBase"]
[SourceDate "2022.01.31"]
[SourceVersion "1"]
[SourceVersionDate "2022.01.31"]
[SourceQuality "1"]

1. Nf3 d5 2. d4 Nf6 3. Bf4 c5 4. e3 Nc6 5. Nbd2 g6 6. c3 Qb6 7. Qb3 c4 8. Qxb6 axb6 9. a3 b5 10. Rc1 Bf5 11. Be2 Bg7 12. h3 Nd7 13. g4 Be6 14. Ng5 Nb6 15. Nxe6 fxe6 16. Bg3 e5 17. f4 e4 18. h4 e6 19. h5 Ke7 20. Nf1 Kd7 21. Kd2 Bf6 22. Bf2 g5 23. h6 Rhg8 24. Rh5 gxf4 25. exf4 Be7 26. Be3 Raf8 27. g5 Bd6 28. Rh4 Ne7 29. Ng3 Ng6 30. Rhh1 Bxf4 31. Nh5 Bxe3+ 32. Kxe3 Kd6 33. Rcf1 Nd7 34. Bg4 Rxf1 35. Rxf1 Rf8 36. Rxf8 Ngxf8 37. Nf4 e5 38. dxe5+ Nxe5 39. Bh5 Nfg6 40. Bxg6 hxg6 41. h7 Nf7 42. Nxg6 b4 43. axb4 Ke6 44. h8Q Nxh8 45. Nxh8 Kf5 46. Nf7 Kg6 47. Nd6 Kxg5 48. Nxb7 1-0

[Event "Ustron op-B"]
[Site "Ustron"]
[Date "2021.08.19"]
[Round "8"]
[White "Skurniak, Szymon"]
[Black "Klepek, Witold"]
[Result "0-1"]
[WhiteElo "2177"]
[BlackElo "2142"]
[PlyCount "120"]
[EventDate "2021.08.13"]
[EventType "swiss"]
[EventRounds "9"]
[EventCountry "POL"]
[SourceTitle "CBM 204 Extra"]
[Source "ChessBase"]
[SourceDate "2021.11.30"]
[SourceVersion "1"]
[SourceVersionDate "2021.11.30"]
[SourceQuality "1"]

1. Nf3 Nf6 2. g3 d5 3. Bg2 e6 4. 0-0 Be7 5. b3 0-0 6. c4 c5 7. cxd5 Nxd5 8. Bb2 Nc6 9. Na3 Bf6 10. Qc1 b6 11. Nc4 Ba6 12. d3 Rc8 13. Nfd2 b5 14. Bxf6 Nxf6 15. Ne3 Bb7 16. Re1 Qb6 17. Qb2 Nd4 18. Bxb7 Qxb7 19. Rac1 a5 20. Qa1 Nd5 21. Nxd5 Qxd5 22. Qc3 e5 23. e3 Ne6 24. Qxa5 Qxd3 25. Qc3 Rfd8 26. Qxd3 Rxd3 27. Ne4 c4 28. Red1 Rxd1+ 29. Rxd1 f5 30. Nc3 cxb3 31. Nd5 Rd8 32. axb3 Kf7 33. Kf1 Nc7 34. Nc3 Rxd1+ 35. Nxd1 Ke6 36. Ke2 Kd5 37. Kd3 Kc5 38. Nc3 e4+ 39. Kc2 Ne6 40. Ne2 Kb4 41. Nc3 Nc5 42. Nd5+ Ka3 43. Nc3 b4 44. Nb5+ Ka2 45. Nd4 g6 46. h3 Nd3 47. f4 Nf2 48. g4 fxg4 49. hxg4 Nxg4 50. Kd2 Nf6 51. Kc2 Nd5 52. Kd2 Kb2 53. f5 gxf5 54. Nxf5 Kxb3 55. Nd6 Nf6 56. Nb5 h5 57. Nd4+ Ka2 58. Nc6 b3 59. Nb4+ Ka3 60. Kc3 h4 0-1

[Event "Ustron op-B"]
[Site "Ustron"]
[Date "2021.08.14"]
[Round "2"]
[White "Skurniak, Szymon"]
[Black "Jakubowska, Anna"]
[Result "1/2-1/2"]
[WhiteElo "2177"]
[BlackElo "2085"]
[PlyCount "71"]
[EventDate "2021.08.13"]
[EventType "swiss"]
[EventRounds "9"]
[EventCountry "POL"]
[SourceTitle "CBM 204 Extra"]
[Source "ChessBase"]
[SourceDate "2021.11.30"]
[SourceVersion "1"]
[SourceVersionDate "2021.11.30"]
[SourceQuality "1"]

1. e4 c6 2. Nc3 d5 3. Nf3 dxe4 4. Nxe4 Nf6 5. Qe2 Nxe4 6. Qxe4 Qa5 7. Bc4 Bf5 8. Qf4 e6 9. 0-0 Nd7 10. Nd4 Qe5 11. d3 Bg6 12. Nf3 Qxf4 13. Bxf4 Be7 14. Rfe1 0-0 15. a4 Bf6 16. c3 Nb6 17. Ne5 Nxc4 18. dxc4 Rfd8 19. c5 Bxe5 20. Bxe5 Rd2 21. b4 Rd3 22. Re3 Rxe3 23. fxe3 f6 24. Bc7 Rc8 25. Ba5 Kf7 26. Rd1 Ke7 27. Rd2 Be8 28. c4 Bd7 29. b5 Be8 30. Bb4 e5 31. a5 a6 32. Ba3 Bf7 33. Rc2 Kd7 34. Rd2+ Ke7 35. Rc2 Kd7 36. Rd2+ 1/2-1/2

[Event "POL Cup op rapid"]
[Site "Lodz"]
[Date "2021.08.07"]
[Round "8"]
[White "Skurniak, Szymon"]
[Black "Luczak, Filip"]
[Result "0-1"]
[WhiteElo "2177"]
[BlackElo "2321"]
[PlyCount "130"]
[EventDate "2021.08.07"]
[EventType "swiss (rapid)"]
[EventRounds "9"]
[EventCountry "POL"]
[SourceTitle "CBM 203 Extra"]
[Source "ChessBase"]
[SourceDate "2021.09.30"]
[SourceVersion "1"]
[SourceVersionDate "2021.09.30"]
[SourceQuality "1"]

1. c4 c6 2. Nc3 d5 3. e3 Nf6 4. Nf3 g6 5. b3 Bg7 6. Bb2 0-0 7. Be2 Bf5 8. 0-0 Na6 9. d4 Ne4 10. Nxe4 dxe4 11. Nd2 g5 12. f4 exf3 13. Bxf3 Bg6 14. Ne4 g4 15. Bxg4 Bxe4 16. Bf5 Bxf5 17. Rxf5 e6 18. Rh5 f5 19. Qf3 Nc7 20. Qh3 h6 21. g4 Ne8 22. Ba3 fxg4 23. Qxg4 Rf5 24. Rxf5 exf5 25. Qxf5 Qg5+ 26. Qxg5 hxg5 27. Be7 Nf6 28. Rf1 Ne4 29. Rf5 Re8 30. Bxg5 Nxg5 31. Rxg5 Rxe3 32. Kf2 Rc3 33. d5 cxd5 34. Rxd5 Rc2+ 35. Ke3 Rxa2 36. Rd7 b6 37. h4 Bf8 38. h5 a5 39. Kf3 Rb2 40. Rd3 Kf7 41. Kg4 Be7 42. Rf3+ Ke8 43. Rh3 Rg2+ 44. Kf5 Rf2+ 45. Ke4 Rf7 46. Kd5 Kd7 47. h6 Rh7 48. Ke5 Bf8 49. Rd3+ Kc7 50. Rf3 Bd6+ 51. Kd5 Rxh6 52. Rf7+ Kb8 53. Kc6 Bc5+ 54. Kb5 Rh3 55. Kc6 Rh6+ 56. Kb5 Rh8 57. Rf3 Re8 58. Rh3 Kc7 59. Rh7+ Re7 60. Rh3 Kd6 61. Rd3+ Ke5 62. Rd5+ Ke4 63. Rh5 Kd3 64. Rxc5 bxc5 65. Kxc5 Rb7 0-1

[Event "Suwalki Warakomska Memorial 5th"]
[Site "Suwalki"]
[Date "2021.07.29"]
[Round "4"]
[White "Budrewicz, Krzysztof"]
[Black "Skurniak, Szymon"]
[Result "1-0"]
[WhiteElo "2279"]
[BlackElo "2143"]
[PlyCount "53"]
[EventDate "2021.07.27"]
[EventType "swiss"]
[EventRounds "9"]
[EventCountry "POL"]
[SourceTitle "CBM 203 Extra"]
[Source "ChessBase"]
[SourceDate "2021.09.30"]
[SourceVersion "1"]
[SourceVersionDate "2021.09.30"]
[SourceQuality "1"]

1. d4 Nf6 2. c4 g6 3. Nc3 d5 4. Nf3 Bg7 5. h4 c6 6. Bf4 dxc4 7. a4 0-0 8. e4 Bg4 9. Bxc4 Nh5 10. Be3 e5 11. dxe5 Nd7 12. Be2 Nxe5 13. Qxd8 Raxd8 14. Nxe5 Bxe2 15. Nxc6 bxc6 16. Kxe2 Bxc3 17. bxc3 Rfe8 18. g4 Ng7 19. Rhd1 Rxd1 20. Rxd1 h5 21. gxh5 Nxh5 22. f3 f5 23. exf5 Nf4+ 24. Kd2 Ng2 25. Bg5 Re5 26. Rg1 Rxf5 27. Rxg2 1-0

[Event "Suwalki Warakomska Memorial 5th"]
[Site "Suwalki"]
[Date "2021.07.29"]
[Round "3"]
[White "Skurniak, Szymon"]
[Black "Zakrzewski, Marek"]
[Result "1/2-1/2"]
[WhiteElo "2143"]
[BlackElo "2295"]
[PlyCount "56"]
[EventDate "2021.07.27"]
[EventType "swiss"]
[EventRounds "9"]
[EventCountry "POL"]
[SourceTitle "CBM 203 Extra"]
[Source "ChessBase"]
[SourceDate "2021.09.30"]
[SourceVersion "1"]
[SourceVersionDate "2021.09.30"]
[SourceQuality "1"]

1. c4 c6 2. g3 d5 3. Bg2 Nf6 4. Nf3 Bf5 5. Qb3 Qb6 6. Qxb6 axb6 7. cxd5 Bxb1 8. Rxb1 cxd5 9. a3 e6 10. d3 Nc6 11. b4 Be7 12. Bb2 0-0 13. Kd2 Rfc8 14. Rhc1 Nd7 15. Rc2 Bf6 16. Bxf6 Nxf6 17. Rbc1 Rd8 18. b5 Na5 19. Kc3 Nd7 20. Nd2 Rdc8+ 21. Kb4 Rxc2 22. Rxc2 Kf8 23. d4 Ke7 24. e3 Kd8 25. Bf1 Nf6 26. f3 Ne8 27. Bd3 h6 28. a4 Rc8 1/2-1/2